| 000 | 00547nam a22001937a 4500 | ||
|---|---|---|---|
| 005 | 20151116143319.0 | ||
| 010 | _aENG-113961 | ||
| 020 |
_c225.00 _a9789325960794 |
||
| 035 | _aEN-97493 | ||
| 037 |
_bDBAD/PUB _adpl |
||
| 082 | _a690 | ||
| 100 | _aBhavikatti, S.S. | ||
| 245 |
_aBuilding construction / _cby S.S. Bhavikatti |
||
| 260 |
_aNoida _bVikas Publishing House _c2012 |
||
| 270 |
_aE-28, Sector-8 _bNoida _e201301 |
||
| 300 |
_axi,356p. : _c24cm(pbk) _bill. |
||
| 500 | _aIncludes index | ||
| 942 |
_2ddc _cEN _mBHA _h690 |
||
| 999 |
_c96587 _d96587 |
||